A Quiz About Rockets - Statistics

General Stats
  • This quiz has been taken 28 times
  • The average score is 7 of 15
Answer Stats
Hint Answer % Correct
Singer who wrote the song "Rocket Man (I Think It's Going to Be a Long, Long Time)" Elton John
84%
Space Shuttle disasters Challenger
76%
2015 video game that mixes soccer with cars Rocket {League}
72%
NBA Team {Houston} Rockets
68%
Member of the Guardians of the Galaxy Rocket {Raccoon}
64%
Location from which NASA launches its rockets Cape {Canaveral}
60%
Rocket part of the Apollo 11 program, helping put the first men on the moon Saturn V
52%
Space Shuttle disasters Columbia
48%
2015 video game with green humanoid aliens, where you can build and launch rockets Kerbal Space Program
48%
Primary members of Team Rocket James
32%
Primary members of Team Rocket Jessie
32%
Primary members of Team Rocket Meowth
32%
Known as Rocket in England, what is this plant called in the United States? Arugula
28%
Known as ________ in the United States these candies are called Rockets in Canada to avoid confusion with another well-known chocolate brand Smarties
20%
The first NHL player to score 50 goals in a season and to reach 500 career goals {Maurice} "Rocket" {Richard}
8%
No matching quizzes found
Score Distribution
Percent of People with Each Score
Percentile by Number Answered
Your Score History
You have not taken this quiz